| 000 | 00408nam a2200145Ia 4500 | ||
|---|---|---|---|
| 003 | GCL | ||
| 008 | 140319s9999 xx 000 0 ara d | ||
| 040 |
_aGCL / _cGCL |
||
| 082 | 0 | 4 |
_aط _b507 _bخ هـ |
| 100 | 1 | _aخالد محمد ابوالنجا | |
| 245 | 1 | 0 |
_aالهمزة المدمرة / _cخالد محمد ابوالنجا |
| 490 |
_aاطفالنا _v0 |
||
| 650 | 0 | 4 | _aالزلازل |
| 942 |
_2ddc _cBK |
||
| 999 |
_c38951 _d38951 |
||